Ελληνική μυθολογία
Αποθηκεύτηκε σε:
| Κύριος συγγραφέας: | |
|---|---|
| Άλλοι συγγραφείς: | |
| Μορφή: | Βιβλίο |
| Γλώσσα: | Greek French |
| Δημοσίευση: |
[Αθήνα] :
Βίβλος,
[1953]
|
| Θέματα: | |
| Ετικέτες: |
Προσθήκη ετικέτας
Δεν υπάρχουν, Καταχωρήστε ετικέτα πρώτοι!
|
MARC
| LEADER | 00000nam a2200000 i 4500 | ||
|---|---|---|---|
| 001 | 1/84598 | ||
| 008 | 050901s1953 gre d | ||
| 035 | |l 10080060 | ||
| 040 | |a GR-MY-UA |b gre |e aacr | ||
| 041 | 0 | |a gre |h fre | |
| 082 | 0 | |a 292.13 |2 (22) | |
| 100 | 1 | |a Richepin, Jean |d 1849-1926. | |
| 245 | 1 | 0 | |a Ελληνική μυθολογία / |c Ιωάννου Ρισπέν ; επιμέλεια Σπύρου Μαρινάτου ; μετάφρασις Νικολάου Τετενέ |
| 260 | |a [Αθήνα] : |b Βίβλος, |c [1953] | ||
| 300 | |a 2 τ.; |c 24 εκ. | ||
| 505 | 0 | |a Τ.1. Οι θεοί. - τ.2. Θεοί της γης, ημίθεοι, ήρωες | |
| 650 | 0 | 0 | |a Mythology, Classical. |
| 650 | 0 | 0 | |a Mythology, Greek. |
| 700 | 1 | |a Μαρινάτος, Σπυρίδων Ν. |d (1901-1974) |4 edt | |
| 852 | |a INST |b RHODES |c KRI |e 20050901 |h 292.13 RIC |p 005400022597 |q 005400022597 |t BK |v τ.1: |y 0 |z τ.1 | ||
| 852 | |a INST |b RHODES |c KRI |e 20050906 |h 292.13 RIC |p 005400028161 |q 005400028161 |t BK |v τ.2: |y 0 |z τ.2 | ||
| 853 | |a INST |b RHODES |c KRI |h 292.13 RIC | ||
| 901 | |a BIBL4-2005-3 | ||
| 909 | |a Ρ |b 122218 | ||
| 909 | |a Ρ |b 122231 | ||
| 920 | |a ΚΡΙΚΩΝΗΣ |b ΔΗΜΗΤΡΙΟΣ Ι. |y ΡΟΔΟΣ |z 2004-10 | ||
| 970 | |a ΚΟΖΑ |b ΜΑΡΙΑ |z 2005/09/06 | ||